| 000 | 00829nam a2200241 a 4500 | ||
|---|---|---|---|
| 005 | 20221104063452.0 | ||
| 008 | 030311s2000 mx r 000 0 spa d | ||
| 020 | _a9701028929 | ||
| 035 | _aUPN01000122789 | ||
| 049 | _aCG | ||
| 050 | 4 |
_aHF5549 _bW4.28 2000 |
|
| 100 | 1 |
_aWerther, William B., _d1947- _938634 |
|
| 245 | 1 | 0 |
_aAdministración de personal y recursos humanos / _cWilliam B. Werther, Keith Davis ; tr. Joaquín Mejía Gómez. |
| 250 | _a5a ed. | ||
| 260 |
_aMéxico : _bMcGraw-Hill, _c2000. |
||
| 300 | _axxiii, 582 p. | ||
| 534 |
_pTraducción de: _tHuman resources and personnel management |
||
| 590 | _aBibliografía Básica (BGTQ) | ||
| 590 | _a(También localizas un ejemplar en el "Area de Reserva") | ||
| 650 | 2 |
_aAdministración de personal _9487 |
|
| 700 | 1 |
_aDavis, Keith, _ecoaut. |
|
| 905 | _aLibro | ||
| 999 |
_c94972 _d94972 |
||